Informačné zabezpečenie investičného procesu s možnosťou využitia v kontrole kandidátska dizertačná práca

Gespeichert in:
Bibliographische Detailangaben
1. Verfasser: Vépyová, Mária
Körperschaft: Vysoká škola ekonomická v Bratislave. Fakulta riadenia
Weitere Verfasser: Laca, Ján
Format: Buch
Sprache:Slowakisch
Veröffentlicht: Bratislava 1984
Tags: Tag hinzufügen
Keine Tags, Fügen Sie das erste Tag hinzu!

MARC

LEADER 00000nam a2200000 4500
001 c028017
005 20260108074720.8
041 0 |a slo 
044 |a SK 
245 1 0 |a Informačné zabezpečenie investičného procesu s možnosťou využitia v kontrole  |b kandidátska dizertačná práca  |c Mária Vépyová ; Ved. práce Ján Laca 
264 1 |a Bratislava  |c 1984 
300 |a 163 s. 
100 1 |a Vépyová, Mária 
700 1 |a Laca, Ján 
710 2 |a Vysoká škola ekonomická v Bratislave. Fakulta riadenia